Responses for Show #8886 - Monday, June 5, 2023

Jared Watson game 3.

Contestants

[<< previous game]

Annabelle Winter, a graduate student from New York, New York

Harrison Seidel, a marketing coordinator from Burbank, California

Jared Watson, a quality control specialist from Greenville, Texas (whose 2-day cash winnings total $38,601)

[next game >>]

Jeopardy! Round responses

CLASSIC CHILDREN'S BOOKS
THE PHILIPPINES
TASK: FORCE
IT'S ALSO A BOAT
THE CHAMPIONSHIP TEAM
"G"EOGRAPHY
    $200 5
Where the Wild Things Are

Jared
    $200 23
(Jared: What is Tokyo?)

Manila

JaredAnnabelle
    $200 20
Scotland Yard

Annabelle
    $200 30
(Annabelle: What is a razor?)

a clipper

JaredAnnabelle
    $200 10
the Atlanta Braves

Jared
    $200 15
Georgia

Jared
    $400 4
The Very Hungry Caterpillar

Annabelle
    $400 22
Manny Pacquiao

Annabelle
    $400 17
a force field

Jared
    $400 27
liner notes

Jared
    $400 9
the U.S. National Women's soccer team

Jared
    $400 14
the Galápagos

Harrison
    $1,000 1
The Giving Tree

Jared
    $600 21
Luzon

Triple Stumper
    $600 16
the Aqua Teen Hunger Force

Harrison
    $600 26
an icebreaker

Harrison
    $600 6
the L.A. Rams

Jared
    $600 11
(Harrison: What is Guam?)

Guatemala

HarrisonAnnabelle
    $800 2
The Borrowers

Harrison
    $800 24
(Harrison: What is asado?)

adobo

HarrisonAnnabelle
    $800 18
(Annabelle: What is brute force?)

force majeure

Annabelle
Triple Stumper
    $800 28
a gondola

Triple Stumper
    $800 7
the Milwaukee Bucks

Jared
    $800 13
the Gila River

Jared
    $1000 3
Stellaluna

Triple Stumper
    $1000 25
Tagalog

Annabelle
    $1000 19
de-escalation

Harrison
    $1000 29
a galley

Jared
    $1000 8
(Annabelle: Who are the L.A. Lakers?)
(Jared: Who are Wayne Gretzky and Mark Messier?)
...
(Mayim: Jared, you gave us the names of two of the players, but we were going for the championship team.)

the Edmonton Oilers

JaredAnnabelle
Triple Stumper
    $1000 12
Ginza

Triple Stumper

Scores at the first commercial break (after clue 15):

Jared Harrison Annabelle
$3,200 $600 $0

Scores at the end of the Jeopardy! Round:

Jared Harrison Annabelle
$5,000 $2,000 $1,600

Double Jeopardy! Round responses

CITY HAPPENINGS
FIRST & LAST NAME'S THE SAME
MYTHOLOGY
MOVIE CONTINENTS
(Mayim: Name the film.)
THE SCIENCE OF POETRY
4, 4
(Mayim: Each response is two 4-letter words.)
    $400 30
Pittsburgh

Annabelle
    $400 29
Anne Hathaway

Jared
    $400 28
Styx

Harrison
    $400 14
Hostel

Jared
    $400 27
Newton

Harrison
    $400 16
a fail-safe

Harrison
    $800 2
Toronto

Jared
    $800 5
John Paul Jones

Jared
    $800 20
Oedipus

Harrison
    $800 13
Tropic Thunder

Annabelle
    $800 23
black holes

Triple Stumper
    $800 15
Keep calm

Annabelle
    $1200 1
(Annabelle: What is... mm.)

Cannes

Annabelle
Triple Stumper
    $1200 6
Matthew Perry

Harrison
    $3,000 9
Maui

Jared
    $1200 11
The Last King of Scotland

Harrison
    $1200 24
the Hubble Space Telescope

Jared
    $1200 17
a long shot

Jared
    $1600 3
(Harrison: What is Birmingham?)
(Annabelle: What is Richmond?)

Montgomery

JaredHarrisonAnnabelle
    $1600 7
George Clinton

Jared
    $1600 21
Minerva

Annabelle
    $1600 10
Muriel's Wedding

Triple Stumper
    $2,000 25
faster than light

Jared
    $1600 18
[Mayim quickly taps and the audience laughs]

soft shoe

Jared
    $2000 4
Potsdam

Harrison
    $2000 8
Francis Bacon

Triple Stumper
    $2000 22
Calypso

Jared
    $2000 12
The Thing

Harrison
    $2000 26
(Harrison: Who is Gauss?)
(Jared: [No response])

Sir James Dewar

JaredHarrison
Triple Stumper
    $2000 19
a cold open

Harrison

Scores at the end of the Double Jeopardy! Round:

Jared Harrison Annabelle
$19,600 $8,800 $2,400
(lock game)

[wagering suggestions for these scores]

Final Jeopardy! Round responses

ACRONYMS
(Mayim: [To Annabelle] That is correct--President of the United States.)
AnnabelleWhat is POTUS?
$2,395
HarrisonWhat is P.O.T.U.S.?
$3,900
JaredWhat is stop?
$1,999
POTUS

Final scores:

Jared Harrison Annabelle
$17,601 $12,700 $4,795
3-day champion: $56,202 2nd place: $2,000 3rd place: $1,000

Game dynamics:

Coryat scores:

Jared Harrison Annabelle
$17,000 $8,800 $2,400
24 R
(including 3 DDs),
3 W
14 R,
4 W
11 R,
5 W

Combined Coryat: $28,200

[game clues] [game scores] [suggest correction]

Game tape date: 2023-04-03
The J! Archive is created by fans, for fans. Scraping, republication, monetization, and malicious use prohibited; this site may use cookies and collect identifying information. See terms. The Jeopardy! game show and all elements thereof, including but not limited to copyright and trademark thereto, are the property of Jeopardy Productions, Inc. and are protected under law. This website is not affiliated with, sponsored by, or operated by Jeopardy Productions, Inc. Join the discussion at JBoard.tv.